000 00278nam a2200097Ia 4500
008 220204s9999 xx 000 0 und d
082 _a362(540)
_bIND
245 0 _aPlans and prospects of social welfare in India 1951-61
260 _aIndia
_bPublication Division
_c1963
942 _cBK
999 _c19527
_d19527